Southville International School and Colleges
Your cart is empty.
  • Cart
  • Lists
    Public lists Eva Luna New books Lux_list list_1
    Your lists Log in to create your own lists
  • Log in to your account
  • Your cookies
  • Search history
Southville International School and Colleges
  • Advanced search
  • Recent comments
  • Most popular
  • Libraries

Log in to your account

Log in with GOOGLE


If you do not have an external account, but do have a local account, you can still log in:

  1. Home
  2. MARC view: Who's who in Philippine history /
Normal view MARC view ISBD view

Who's who in Philippine history / (Record no. 1721)

[ view plain ]
MARC details
000 -LEADER
fixed length control field 00836cam a2200313 a 4500
001 - CONTROL NUMBER
control field 3995683
003 - CONTROL NUMBER IDENTIFIER
control field OSt
005 - DATE AND TIME OF LATEST TRANSACTION
control field 20140310181715.0
008 - FIXED-LENGTH DATA ELEMENTS--GENERAL INFORMATION
fixed length control field 961031s1995 ph b 001 0ceng
010 ## - LIBRARY OF CONGRESS CONTROL NUMBER
LC control number 95947630
020 ## - INTERNATIONAL STANDARD BOOK NUMBER
International Standard Book Number 9716300468 (hard)
020 ## - INTERNATIONAL STANDARD BOOK NUMBER
International Standard Book Number 9716300352 (pbk.)
040 ## - CATALOGING SOURCE
Original cataloging agency DLC
Transcribing agency DLC
Modifying agency DLC
042 ## - AUTHENTICATION CODE
Authentication code lcode
043 ## - GEOGRAPHIC AREA CODE
Geographic area code a-ph---
050 00 - LIBRARY OF CONGRESS CALL NUMBER
Classification number DS 676.8
Item number .Qu8 1995
082 00 - DEWEY DECIMAL CLASSIFICATION NUMBER
Classification number FIL 920.09599
Item number Q48 1995
100 1# - MAIN ENTRY--PERSONAL NAME
Personal name Quirino, Carlos.
245 10 - TITLE STATEMENT
Title Who's who in Philippine history /
Statement of responsibility, etc Carlos Quirino.
260 ## - PUBLICATION, DISTRIBUTION, ETC. (IMPRINT)
Place of publication, distribution, etc Metro Manila, Philippines :
Name of publisher, distributor, etc Tahanan Books,
Date of publication, distribution, etc 1995.
300 ## - PHYSICAL DESCRIPTION
Extent 227 p. :
Dimensions 25 cm.
651 #0 - SUBJECT ADDED ENTRY--GEOGRAPHIC NAME
Geographic name Philippines
General subdivision Biography.
906 ## - LOCAL DATA ELEMENT F, LDF (RLIN)
a 7
b cbc
c origode
d 3
e ncip
f 19
g y-gencatlg
942 ## - ADDED ENTRY ELEMENTS (KOHA)
Source of classification or shelving scheme Library of Congress Classification
Koha item type Books
Call number prefix Filipininana
Holdings
Withdrawn status Lost status Source of classification or shelving scheme Damaged status Home library Current library Shelving location Date acquired Total Checkouts Total Renewals Full call number Barcode Date last seen Date checked out Copy number Price effective from Koha item type Source of acquisition
    Library of Congress Classification   Luxembourg Library Luxembourg Library Filipiniana Section 06/29/2013 1 10 DS 676.8 .Qu8 1995 2836 04/05/2016 11/11/2015 1 10/03/2013 Books  
    Library of Congress Classification   Luxembourg Library Luxembourg Library Filipiniana Section 06/29/2013     DS 676.8 .Q8 1995 5602 08/13/2013   2 06/29/2013 Books Donation
    Library of Congress Classification   Luxembourg Library Luxembourg Library Filipiniana Section 06/29/2013 1 1 DS 676.8 .Q8 1995 5603 09/25/2017 09/15/2017 3 06/29/2013 Books Donation

Who's who in Philippine history /

APA

Quirino C., . (1995). Who's who in Philippine history. Metro Manila, Philippines: Tahanan Books.

Chicago

Quirino Carlos, . 1995. Who's who in Philippine history. Metro Manila, Philippines: Tahanan Books.

Harvard

Quirino C., . (1995). Who's who in Philippine history. Metro Manila, Philippines: Tahanan Books.

MLA

Quirino Carlos, . Who's who in Philippine history. Metro Manila, Philippines: Tahanan Books. 1995.

  • Place hold
  • Print
  • Cite
  • Add to your cart (remove)
  • Save record
    BIBTEX Dublin Core MARCXML MARC (non-Unicode/MARC-8) MARC (Unicode/UTF-8) MARC (Unicode/UTF-8, Standard) MODS (XML) RIS
  • More searches
    Search for this title in:
    Other Libraries (WorldCat) Other Databases (Google Scholar) Online Stores (Bookfinder.com) Open Library (openlibrary.org)

Exporting to Dublin Core...

SOUTHVILLE LIBRARY

Southville International School and Colleges Library

1281 Tropical Ave. Cor. Luxembourg St., BF Homes International, Las Pinas City

Tel. No. 8256374 / 252358 Loc. 117/146

Powered by Koha